Collective housing = Hromadné bydlení : A spatial typology = Systematika prostorových typů /

Saved in:
Bibliographic Details
Main Authors: Kohout, Michal (Author), Tichý, David (Author), Tittl, Filip (Author)
Format: Book
Language:English
Czech
Published: Praha : České vysoké učení technické v Prahe, 2015
Edition:1. vyd.
Subjects:
Tags: Add Tag
No Tags, Be the first to tag this record!

MARC

LEADER 00000nam a22000003a 4500
001 0022907
003 SK-STU
005 20190325135255.4
007 ta
008 170324s ----xo-----e------000-0-----d
020 |a 978-80-01-05848-0 
040 |a STU  |b slo 
041 0 |a eng  |a cze  |h cze 
044 |a xr 
100 1 |a Kohout, Michal  |4 aut 
245 1 0 |a Collective housing = Hromadné bydlení :  |b A spatial typology = Systematika prostorových typů /  |c aut. Michal Kohout, David Tichý, Filip Tittl 
250 |a 1. vyd. 
260 |a Praha :  |b České vysoké učení technické v Prahe,  |c 2015 
300 |a 208 s. 
650 0 7 |a typológia budov 
650 0 7 |a obytné budovy 
650 0 7 |a bytové domy 
650 0 7 |a projekt 
650 0 7 |a forma budovy 
650 0 7 |a dispozičné riešenie 
650 0 7 |a buildings - types 
650 0 7 |a residential buildings 
650 0 7 |a apartment building 
650 0 7 |a layout 
700 1 |a Tichý, David  |r Z6  |4 aut 
700 1 |a Tittl, Filip  |r Z6  |4 aut 
996 |b 284AU06983  |c A* 10117/U  |l AAKNST  |s P  |a 0  |w 0022907_0001 
996 |b 284AU07147  |c A* 10377/U  |l AA2120  |s P  |a 0  |w 0022907_0002